Quotation quiz (Record no. 226667)
[ view plain ]
| 000 -LEADER | |
|---|---|
| fixed length control field | 00646nam a22002417a 4500 |
| 005 - DATE AND TIME OF LATEST TRANSACTION | |
| control field | 20230211095043.0 |
| 008 - FIXED-LENGTH DATA ELEMENTS--GENERAL INFORMATION | |
| fixed length control field | 230211b ||||| |||| 00| 0 eng d |
| 040 ## - CATALOGING SOURCE | |
| Transcribing agency | AL |
| 041 ## - LANGUAGE CODE | |
| Language code of text/sound track or separate title | eng |
| 082 ## - DEWEY DECIMAL CLASSIFICATION NUMBER | |
| Edition number | 23 |
| Classification number | 032.02 |
| Item number | NATQ |
| 100 ## - MAIN ENTRY--PERSONAL NAME | |
| Personal name | Ramesh Natarajan |
| 100 ## - MAIN ENTRY--PERSONAL NAME | |
| 9 (RLIN) | 71949 |
| 245 ## - TITLE STATEMENT | |
| Title | Quotation quiz |
| 260 ## - PUBLICATION, DISTRIBUTION, ETC. | |
| Place of publication, distribution, etc. | New Delhi |
| Name of publisher, distributor, etc. | Rupa & Co |
| Date of publication, distribution, etc. | 1994 |
| 300 ## - PHYSICAL DESCRIPTION | |
| Extent | 158p. |
| Other physical details | PB |
| Dimensions | 18x11cm. |
| 365 ## - TRADE PRICE | |
| Source of price type code | Others |
| Price amount | 40.00 |
| Currency code | ₹ |
| Unit of pricing | 40.00 |
| 650 ## - SUBJECT ADDED ENTRY--TOPICAL TERM | |
| Topical term or geographic name entry element | Women |
| 9 (RLIN) | 71943 |
| 650 ## - SUBJECT ADDED ENTRY--TOPICAL TERM | |
| Topical term or geographic name entry element | Alien Quotes |
| 9 (RLIN) | 71944 |
| 650 ## - SUBJECT ADDED ENTRY--TOPICAL TERM | |
| Topical term or geographic name entry element | Military and War |
| 9 (RLIN) | 71945 |
| 650 ## - SUBJECT ADDED ENTRY--TOPICAL TERM | |
| Topical term or geographic name entry element | Money Matters |
| 9 (RLIN) | 71946 |
| 650 ## - SUBJECT ADDED ENTRY--TOPICAL TERM | |
| Topical term or geographic name entry element | Book Titles |
| 9 (RLIN) | 71947 |
| 700 ## - ADDED ENTRY--PERSONAL NAME | |
| Personal name | NATARAJAN (Ramesh) |
| 9 (RLIN) | 71948 |
| 942 ## - ADDED ENTRY ELEMENTS (KOHA) | |
| Source of classification or shelving scheme | Dewey Decimal Classification |
| Koha item type | Donated Books |
| Withdrawn status | Lost status | Source of classification or shelving scheme | Damaged status | Not for loan | Collection code | Home library | Current library | Date acquired | Total Checkouts | Full call number | Barcode | Date last seen | Price effective from | Koha item type |
|---|---|---|---|---|---|---|---|---|---|---|---|---|---|---|
| Dewey Decimal Classification | Others | St Aloysius Library | St Aloysius Library | 11/24/2014 | 032.02 NATQ | D05176 | 02/11/2023 | 02/11/2023 | Donated Books |